[Event "Volme op-D"]
[Site "Schalksmuehle"]
[Date "2006.08.26"]
[Round "2"]
[White "Wozke, Eugen"]
[Black "Eckhardt, Klaus"]
[Result "0-1"]
[WhiteElo "1494"]
[BlackElo "1513"]
[PlyCount "60"]
[EventDate "2006.08.25"]
[EventType "tourn"]
[EventRounds "5"]
[EventCountry "GER"]
[SourceTitle "EXT 2008"]
[Source "ChessBase"]
[SourceDate "2007.11.25"]
[SourceVersion "1"]
[SourceVersionDate "2007.11.25"]
[SourceQuality "1"]

1. e4 e5 2. Nf3 Nc6 3. Bb5 a6 4. Bxc6 bxc6 5. Nc3 d6 6. h3 Be7 7. d3 Be6 8. Be3 Nf6 9. Ng5 Bd7 10. Qd2 d5 11. exd5 cxd5 12. d4 e4 13. h4 c6 14. f3 h6 15. Nh3 Nh5 16. 0-0-0 exf3 17. gxf3 Bxh3 18. Rxh3 Bd6 19. Re1 0-0 20. Rg1 Kh7 21. Qd3+ f5 22. Ne2 Ra7 23. Kd1 Qe7 24. Bd2 c5 25. dxc5 Bxc5 26. Rf1 Qe6 27. Nf4 Nxf4 28. Bxf4 Bd6 29. Qd4 Re7 30. Bxd6 Qe2+ 0-1